STAIRWAY TO SUCCESS HOW TO ACHIEVE AND E (Record no. 19115)

MARC details
000 -LEADER
fixed length control field 00354nam a2200133Ia 4500
008 - FIXED-LENGTH DATA ELEMENTS--GENERAL INFORMATION
fixed length control field 240624s9999 xx 000 0 und d
041 ## - LANGUAGE CODE
Language code of text/sound track or separate title eng
082 ## - DEWEY DECIMAL CLASSIFICATION NUMBER
Classification number 158 QUB
100 ## - MAIN ENTRY--PERSONAL NAME
Personal name QUBEIN NIDO R
245 ## - TITLE STATEMENT
Title STAIRWAY TO SUCCESS HOW TO ACHIEVE AND E
260 ## - PUBLICATION, DISTRIBUTION, ETC.
Date of publication, distribution, etc. 2010
Place of publication, distribution, etc. Mumbai
Name of publisher, distributor, etc. Embassy Book Distributors
300 ## - PHYSICAL DESCRIPTION
Extent 351 : p. : cm. ; 22
365 ## - TRADE PRICE
Currency code RS
Price amount 25
Holdings
Withdrawn status Lost status Damaged status Not for loan Home library Current library Shelving location Date acquired Source of acquisition Cost, normal purchase price Full call number Barcode Date last seen Copy number Price effective from Koha item type
        IMTN IMTN Rack 1-B 05/16/2012 AP 395.00 158 QUB 19115 06/24/2024 1 06/24/2024 Books
Designed & Maintained by: LRC IMT Nagpur Contact: lrc@imtnag.ac.in© 2024. All Rights Reserved.